Vocabulaire Anglais - AI/Transhumanism - Statistiques

Statistiques générales
  • Ce quiz a été pris 89 fois
    31 depuis la dernière actualisation
  • Le résultat moyen est 58 sur 135
Statistiques - réponses
Hint Réponse % Correct
dangereux (d...) dangerous
69%
divin (d...) divine
69%
humanité (h...) humanity
69%
mentir à lie to
69%
quête quest
69%
bio-pirate biohacker
63%
conflit conflict
63%
télécharger download
63%
évoluer evolve
63%
fixer des règles fix rules
63%
programmer program
63%
réaliste realistic
63%
risqué/dangereux (r...) risky
63%
intelligence artificielle artificial intelligence
56%
être capable de (a...) be able to
56%
être capable de (c...) be capable of
56%
biotechnologie biotechnology
56%
puce chip
56%
compréhension (c...) comprehension
56%
considérer consider
56%
imiter imitate
56%
humanité (m...) mankind
56%
omniprésent omnipresent
56%
optimisme radical radical optimism
56%
sûr (en sécurité) safe
56%
logiciel software
56%
menacer (t...) threat
56%
transcender transcend
56%
traumatisme trauma
56%
tendance (tr...) trend
56%
défendre/prôner advocate
50%
anticiper anticipate
50%
être engagé à be committed to
50%
clonage cloning
50%
cryogénie cryogenics
50%
prise de décision decision making
50%
numériser digitalise
50%
mettre fin au vieillissement eradicate aging | eradicate ageing
50%
éthique ethical
50%
complexe de Dieu God complex
50%
divin (g...) godly
50%
imaginer imagine
50%
améliorer improve
50%
inactif inactive
50%
lobbying lobbying
50%
appareil/engin machine
50%
faire une loi (ou adopter) make a law
50%
menacer (m...) menace
50%
synthétique synthetic
50%
prendre le contrôle (... c...) take control
50%
tension tension
50%
utile (ou pratique) useful
50%
éviter avoid
44%
être emmêlé ensemble be twisted together
44%
projet de loi bill
44%
tromper deceive
44%
numérisation digitalisation
44%
envisager envisage
44%
tendance (f...) fashion
44%
directive/ligne directrice guideline
44%
se produire/survenir (h...) happen
44%
"avec un peu de chance" hopefully
44%
entremêlé/entrecroisé intertwined
44%
garder un œil sur keep an eye on
44%
mégalomane megalomaniac
44%
narcissique narcissistic
44%
proche near
44%
éventuellement potentially | possibly
44%
résoudre solve
44%
compréhension (u...) understanding
44%
dangereux (u...) unsafe
44%
charger/téléverser upload
44%
s'inquiéter worry
44%
inquiétant worrying
44%
se comporter comme un humain act like a human
38%
permettre (a...) allow
38%
analytique analytical
38%
se produire/survenir (a...) arise
38%
conscience consciousness
38%
distant/éloigné distant
38%
adopter (une loi) enact
38%
question (d')éthique ethical issues
38%
remettre/donner hand over
38%
nocif/nuisible harmful
38%
inoffensif/sans danger harmless
38%
utile (ou serviable) helpful
38%
apprendre par l'expérience learn from experience
38%
espérance (ou durée) de vie lifespan
38%
probable (p...) probable
38%
raisonnable (r...) reasonable
38%
raisonnable (s...) sensible
38%
prendre le contrôle (... o...) take over
38%
tendance (te...) tendency
38%
inconnu/inhabituel unfamiliar
38%
irréaliste unrealistic
38%
marcher/fonctionner work out
38%
endommager damage
31%
menace (d...) danger
31%
pénible ou angoissant distressing
31%
encourager/inciter encourage
31%
faire appliquer une loi enforce a law
31%
remplir/répondre/satisfaire fulfill
31%
modification/manipulation génétique gene editing
31%
accorder des droits grant rights
31%
arrogant/prétentieux hubristic
31%
booster de performance illégal illicit performance booster
31%
intelligence augmentée increased intelligence
31%
inéluctable inevitable
31%
probable (l...) likely
31%
téléchargement de l'esprit mind-uploading
31%
surpasser overcome
31%
permettre (p...) permit
31%
empêcher/prévenir prevent
31%
actif/dynamique proactive
31%
raisonnement reasoning
31%
grave/important severe
31%
mettre en garde contre warn against
31%
modifier/transformer alter
25%
accroître/renforcer augment
25%
automatisé automated
25%
se méfier des faux projets beware of false projects
25%
augmenter les performances cognitives boost cognitive contents
25%
affronter/confronter confront
25%
radical/intense/exagéré extreme
25%
aller au-delà des barrières naturelles go beyond natural barriers
25%
désobéir (pas disobey) go rogue
25%
délire des gradeurs grandiose delusion
25%
sensibiliser/faire prendre conscience raise awareness
25%
empêcher de se produire stop from happening
25%
inciter à urge
25%
faire attention be careful
19%
craindre fear
19%
blesser/endommager harm
19%
règlementer regulate
19%
évolutions/progrès developments
13%
Aucun quiz correspondant
Distribution des résultats
% des personnes avec chaque résultat
Percentile par nombre de réponses
Votre historique - résultats
Vous n’avez pas pris ce quiz depuis la dernière actualisation